01522nab a22002537a 4500999001500000003000400015005001700019008004100036040000700077100003800084245012600122260007200248300001300320500005000333505049000383505009000873650002600963650003000989650003701019650003601056650002501092773013801117942001301255 c6005d6005OSt20260115230229.0190605e xxu||||| |||| 00| 0 spa d cPJ 94565aGonzález Rossi, Alejandro13aEl trabajador autónomo de la Ley Bases. ¿Voluntarismo legal o racionalidad jurídica? /cAlejandro González Rossi.  aCiudad Autónoma de Buenos Aires :bThomson Reuters La Ley,c2025. ap. 26-32 aCita Online: Cita: TR LALEY AR/DOC/860/2025. aEn este trabajo se analiza el marco normativo de esta figura novedosa en Argentina, evaluando las implicancias de su triple subordinación legalizada, así como los inconvenientes derivados de su regulación y determinación. La exploración se centra en cómo esta nueva categoría puede afectar el equilibrio en el ámbito laboral, abriendo el debate sobre el mantenimiento de los conceptos laborales frente a las dinámicas del mercado propuestas actualmente y viceversa.  t¿Te interesa el texto completo? Solicitalo al correo: koha@justierradelfuego.gov.ar  091316aDERECHO LABORAL 091323aCONTRATO DE TRABAJO 091383aLEY DE CONTRATO DE TRABAJO 094428aRELACIÓN DE DEPENDENCIA 096170aFRAUDE LABORAL0 0271193168dCiudad Autónoma de Buenos Aires : Thomson Reuters La Ley, 1999-2002.tRevista de derecho del trabajo. Nº 3 - Mayo 2025 2udccANA